000 00727nam a2200217Ii 4500
003 JO-AjNU
008 230605s9999||||xx |||||||||||||| ||und||
017 _a2008/4/1121
040 _aJO-AjNU
_bara
_erda
_cJO-AjNU
041 _aara
050 1 4 _aHD62.4.A22.2010
100 3 _aعباس،علي,
_eauthor
_927777
245 0 0 _aادارة الاعمال الدولية:المدخل العام=International Business Management
250 _aط2
264 3 1 _aعمان:دار المسيرة للنشر والتوزيع،2010
300 _a399ص
336 _atext
_btxt
_2rdacontent
337 _aunmediated
_bn
_2rdamedia
338 _avolume
_bnc
_2rdacarrier
650 4 _aادارة الاعمال الدولية
_927778
999 _aA10695
_c14263
_d14263